000 00598nam a2200205Ia 4500
005 20260601193251.0
008 260601s9999||||xx |||||||||||||| ||und||
020 _a978-981-97-4772-6
_qebk
100 _aDavid L. Olson
245 0 _aBusiness Analytics with R and Python
250 _a2024
260 _aHeidelberg, Germany
_bSpringer Nature
_c2024
440 _aAI for Risks
650 _aComputer Science
700 _aCuicui Luo
700 _aDesheng Dash Wu
700 _aMajid Nabavi
856 _uhttps://link.springer.com/openurl?genre=book&isbn=978-981-97-4772-6
942 _cEB
_2ddc
999 _c56715
_d56715